| 000 | 00607nam a2200205 a 4500 | ||
|---|---|---|---|
| 005 | 20140310183458.0 | ||
| 008 | 100115s19uu xx 00 eng d | ||
| 020 | _a9780495604303 | ||
| 050 |
_aBF 67 _b.P963 2010 |
||
| 100 | _aProchaska, James O. | ||
| 245 |
_aSystems of psychotheraphy : _ba transtheoritical analysis / _cJames O. Prochaska, John C. Norcross. |
||
| 250 | _a7th ed. | ||
| 260 |
_aAustralia : _bBrooks/Cole, _c2010. |
||
| 300 |
_a601 p. : _c24 cm. |
||
| 521 | _aPSYCH | ||
| 650 |
_aPsychotheraphy _xAnalysis. |
||
| 700 | _aNocross, John C. | ||
| 942 |
_cBK _2lcc _kFOR |
||
| 999 |
_c23748 _d23748 |
||